[Event "España tch DH2"]
[Site "Lugo ESP"]
[Date "2007.06.27"]
[Round "1.15"]
[White "Garcia Padron, Jose"]
[Black "Jobava, Baadur"]
[Result "0-1"]
[WhiteElo "2408"]
[BlackElo "2658"]
[PlyCount "68"]
[EventDate "2007.06.27"]
[EventType "team"]
[EventRounds "5"]
[EventCountry "ESP"]
[Source "lmi"]
[SourceDate "2007.06.27"]

1. d4 Nf6 2. Nf3 e6 3. Bg5 h6 4. Bh4 d6 5. Nbd2 g5 6. Bg3 Nh5 7. e3 Bg7 8. Bc4
Nc6 9. c3 Ne7 10. Qa4+ Bd7 11. Qb3 Bc6 12. e4 O-O 13. O-O Kh8 14. Rae1 Ng6 15.
h3 b5 16. Bd3 Rb8 17. Bh2 a5 18. a3 Nhf4 19. Bb1 b4 20. axb4 axb4 21. c4 e5 22.
d5 Bd7 23. Kh1 h5 24. Ng1 Bh6 25. c5 dxc5 26. Nc4 g4 27. hxg4 hxg4 28. Ne2 Qh4
29. Kg1 Kg7 30. Nxe5 Nxe5 31. Nxf4 Nf3+ 32. gxf3 Bxf4 33. Bxf4 Rh8 34. Be5+ f6
0-1

[Event "España tch DH2"]
[Site "Lugo ESP"]
[Date "2007.06.27"]
[Round "1.23"]
[White "Aagaard, Jacob"]
[Black "Georgadze, Georgi"]
[Result "1/2-1/2"]
[WhiteElo "2477"]
[BlackElo "2610"]
[PlyCount "119"]
[EventDate "2007.06.27"]
[EventType "team"]
[EventRounds "5"]
[EventCountry "ESP"]
[Source "lmi"]
[SourceDate "2007.06.27"]

1. e4 e5 2. Nf3 Nc6 3. Bb5 a6 4. Ba4 Nf6 5. O-O Be7 6. Re1 b5 7. Bb3 O-O 8. h3
Bb7 9. c3 d5 10. exd5 Nxd5 11. d3 Bf6 12. a4 b4 13. a5 Rb8 14. d4 exd4 15. cxd4
Ba8 16. Bc4 Nde7 17. Bxa6 Nxd4 18. Nxd4 Bxd4 19. Nd2 Qd6 20. Bf1 Rbd8 21. Qg4
Ng6 22. Nb3 Bf6 23. Bd2 c5 24. Be3 Ne5 25. Qg3 Nd3 26. Qxd6 Rxd6 27. Bxd3 Rxd3
28. Nxc5 Rd5 29. Re2 h5 30. Na6 Rc8 31. Nxb4 Rb5 32. Nd3 Be4 33. Ra3 Bxd3 34.
Rxd3 Rxa5 35. b4 Ra1+ 36. Kh2 Rc4 37. Rb3 Rc3 38. Rxc3 Bxc3 39. Bc5 Rb1 40. Re4
f5 41. Rc4 Rb3 42. g3 g5 43. h4 Bf6 44. hxg5 Bxg5 45. Rd4 Kf7 46. Kg2 Bf6 47.
Rd7+ Kg6 48. Rb7 h4 49. gxh4 Bxh4 50. Bd4 f4 51. b5 Rd3 52. Bc5 Rc3 53. Bd4 Rd3
54. Bc5 Rc3 55. Ba7 Ra3 56. Rc7 Rb3 57. Rb7 Kf5 58. Rf7+ Ke4 59. b6 f3+ 60.
Rxf3 1/2-1/2

[Event "España tch DH2"]
[Site "Lugo ESP"]
[Date "2007.06.27"]
[Round "1.24"]
[White "Malakhatko, Vadim"]
[Black "Jerez Perez, Alfonso"]
[Result "1-0"]
[WhiteElo "2598"]
[BlackElo "2413"]
[PlyCount "127"]
[EventDate "2007.06.27"]
[EventType "team"]
[EventRounds "5"]
[EventCountry "ESP"]
[Source "lmi"]
[SourceDate "2007.06.27"]

1. d4 Nf6 2. c4 g6 3. Nc3 d5 4. Bg5 Ne4 5. Bh4 Nxc3 6. bxc3 dxc4 7. Qa4+ Qd7 8.
Qxc4 Qc6 9. Qxc6+ Nxc6 10. Bg3 Bf5 11. Nf3 O-O-O 12. e3 Bg7 13. Ng5 Rdf8 14.
Bc4 Bf6 15. Nf3 g5 16. h4 g4 17. Nd2 e5 18. Nb3 h5 19. O-O Bg7 20. Rfd1 Bg6 21.
Bb5 Nb8 22. Nc5 c6 23. Bc4 b6 24. Nd3 exd4 25. cxd4 Kb7 26. Ne5 Bxe5 27. Bxe5
f6 28. Bd6 Re8 29. Rac1 Rh7 30. Rc3 Be4 31. Rdc1 Rd8 32. Bf4 Re7 33. Bb3 Na6
34. a3 Nc7 35. Bxc7 Rxc7 36. Kh2 Rdc8 37. Kg3 Rg7 38. Bc2 Re7 39. f3 Bxc2 40.
R1xc2 gxf3 41. gxf3 Rd7 42. Kf4 Rd5 43. Rg2 Rc7 44. Rg8 c5 45. dxc5 Rdxc5 46.
Rxc5 bxc5 47. Kf5 Rc6 48. Rg1 c4 49. Kg6 Rc8 50. Rc1 Kb6 51. Kxh5 Kc5 52. Kg6
Rg8+ 53. Kf5 Rh8 54. f4 Rh6 55. h5 a5 56. Ke6 Kb5 57. f5 Kc5 58. Rc2 a4 59. Rc1
Rxh5 60. Kxf6 Kd5 61. Rd1+ Kc5 62. Rd8 Rh3 63. e4 c3 64. Ke6 1-0

[Event "España tch DH2"]
[Site "Lugo ESP"]
[Date "2007.06.27"]
[Round "1.25"]
[White "Granados Gomez, Manuel"]
[Black "Lariño Nieto, David"]
[Result "1-0"]
[WhiteElo "2410"]
[BlackElo "2404"]
[PlyCount "95"]
[EventDate "2007.06.27"]
[EventType "team"]
[EventRounds "5"]
[EventCountry "ESP"]
[Source "lmi"]
[SourceDate "2007.06.27"]

1. c4 e5 2. Nc3 Nc6 3. g3 g6 4. Bg2 Bg7 5. e4 d6 6. Nge2 Nge7 7. d3 h5 8. h4
Nd4 9. Nxd4 exd4 10. Ne2 c6 11. O-O Bg4 12. f3 Bd7 13. Qb3 Qb6 14. Qxb6 axb6
15. Bf4 Be5 16. Bxe5 dxe5 17. f4 f6 18. Kh2 Ng8 19. fxe5 fxe5 20. Ng1 Bg4 21.
Nf3 Bxf3 22. Rxf3 Ke7 23. Bh3 Nh6 24. Kg2 Rhf8 25. Rxf8 Rxf8 26. Rf1 Ra8 27. a3
Nf7 28. Rf2 Nd6 29. g4 hxg4 30. Bxg4 c5 31. Bd1 b5 32. cxb5 Nxb5 33. Bb3 Rf8
34. Rxf8 Kxf8 35. a4 Nc7 36. a5 Ne8 37. Bd5 Nd6 38. Bxb7 Nb5 39. Bc6 Na7 40.
Bd5 Kg7 41. Kg3 Kf6 42. Kg4 Nc8 43. a6 Na7 44. b3 Nc8 45. Bc6 Na7 46. Bd7 Ke7
47. Kg5 Kf7 48. Be8+ 1-0

[Event "España tch DH2"]
[Site "Lugo ESP"]
[Date "2007.06.27"]
[Round "1.35"]
[White "Cacho Reigadas, Sergio"]
[Black "Khamrakulov, Ibragim S"]
[Result "1-0"]
[WhiteElo "2470"]
[BlackElo "2545"]
[PlyCount "63"]
[EventDate "2007.06.27"]
[EventType "team"]
[EventRounds "5"]
[EventCountry "ESP"]
[Source "lmi"]
[SourceDate "2007.06.27"]

1. Nf3 c5 2. g3 b6 3. Bg2 Bb7 4. O-O Nf6 5. d3 d5 6. Nbd2 g6 7. e4 dxe4 8. dxe4
Bg7 9. e5 Ng4 10. Qe2 O-O 11. h3 Nh6 12. Rd1 Qc8 13. Nc4 Nc6 14. Bf4 Nf5 15. c3
Nd8 16. g4 Ne6 17. Bh2 Nh6 18. Ne3 Kh8 19. Nd5 Ng8 20. Nd2 f5 21. exf6 exf6 22.
Nc4 Ba6 23. Ndxb6 axb6 24. Bxa8 Re8 25. Nd6 Nh6 26. Nxc8 Bxe2 27. Nxb6 Bxd1 28.
Rxd1 f5 29. Bc6 Rf8 30. f3 Nf7 31. Re1 Nfd8 32. Bd5 1-0

[Event "España tch DH2"]
[Site "Lugo ESP"]
[Date "2007.06.28"]
[Round "2.15"]
[White "Jobava, Baadur"]
[Black "Khamrakulov, Ibragim S"]
[Result "1-0"]
[WhiteElo "2658"]
[BlackElo "2545"]
[PlyCount "55"]
[EventDate "2007.06.27"]
[EventType "team"]
[EventRounds "5"]
[EventCountry "ESP"]
[Source "lmi"]
[SourceDate "2007.06.27"]

1. e4 e6 2. d4 d5 3. Nd2 c5 4. Ngf3 cxd4 5. exd5 Qxd5 6. Bc4 Qd6 7. O-O Nf6 8.
Nb3 Nc6 9. Nbxd4 Nxd4 10. Nxd4 Bd7 11. b3 O-O-O 12. Bb2 Qc7 13. Qe2 Bd6 14. h3
Bh2+ 15. Kh1 Bf4 16. Rad1 a6 17. Nf3 Bc6 18. Ne5 Bd5 19. Bxd5 Nxd5 20. Nd3 Bh6
21. Be5 Qc6 22. c4 Ne7 23. Bh2 Qb6 24. c5 Qb5 25. Qe5 Nd5 26. a4 Qxb3 27. c6
bxc6 28. Rb1 1-0

[Event "España tch DH2"]
[Site "Lugo ESP"]
[Date "2007.06.28"]
[Round "2.21"]
[White "Gashimov, Vugar"]
[Black "Harikrishna, Penteala"]
[Result "1/2-1/2"]
[WhiteElo "2644"]
[BlackElo "2650"]
[PlyCount "55"]
[EventDate "2007.06.27"]
[EventType "team"]
[EventRounds "5"]
[EventCountry "ESP"]
[Source "lmi"]
[SourceDate "2007.06.27"]

1. e4 e5 2. Nf3 Nf6 3. Nxe5 d6 4. Nf3 Nxe4 5. d4 d5 6. Bd3 Bd6 7. O-O O-O 8. c4
c6 9. cxd5 cxd5 10. Nc3 Nxc3 11. bxc3 Bg4 12. Rb1 Nd7 13. h3 Bh5 14. Rxb7 Nb6
15. Qc2 Bg6 16. Bxg6 hxg6 17. Ng5 Qc8 18. Rxf7 Rxf7 19. Qxg6 Qf5 20. Qxd6 Rf6
21. Qe7 Rff8 22. g3 Rfe8 23. Qb7 Reb8 24. Qa6 Nc4 25. Qa4 Rb6 26. Re1 Rf8 27.
Bf4 Rg6 28. h4 1/2-1/2

[Event "España tch DH2"]
[Site "Lugo ESP"]
[Date "2007.06.28"]
[Round "2.24"]
[White "Deepan Chakkravarthy, J."]
[Black "Malakhatko, Vadim"]
[Result "1/2-1/2"]
[WhiteElo "2482"]
[BlackElo "2598"]
[PlyCount "41"]
[EventDate "2007.06.27"]
[EventType "team"]
[EventRounds "5"]
[EventCountry "ESP"]
[Source "lmi"]
[SourceDate "2007.06.27"]

1. e4 e6 2. d4 d5 3. Nc3 Nf6 4. e5 Nfd7 5. f4 c5 6. Nf3 Nc6 7. Be3 a6 8. Qd2 b5
9. a3 Qa5 10. Be2 b4 11. Nd1 Bb7 12. O-O cxd4 13. Nxd4 bxa3 14. c3 Nxd4 15.
Bxd4 Nc5 16. Rxa3 Ne4 17. Rxa5 Nxd2 18. Rf2 Nb3 19. Ra4 Nxd4 20. cxd4 Be7 21.
Ne3 1/2-1/2

[Event "España tch DH2"]
[Site "Lugo ESP"]
[Date "2007.06.28"]
[Round "2.25"]
[White "Lariño Nieto, David"]
[Black "Cacho Reigadas, Sergio"]
[Result "1/2-1/2"]
[WhiteElo "2404"]
[BlackElo "2470"]
[PlyCount "127"]
[EventDate "2007.06.27"]
[EventType "team"]
[EventRounds "5"]
[EventCountry "ESP"]
[Source "lmi"]
[SourceDate "2007.06.27"]

1. e4 e6 2. d3 d5 3. Nd2 Nf6 4. Ngf3 Be7 5. g3 c5 6. Bg2 Nc6 7. O-O O-O 8. Re1
b5 9. e5 Nd7 10. Nf1 a5 11. h4 b4 12. Bf4 a4 13. a3 bxa3 14. bxa3 Ba6 15. Ne3
Rc8 16. c4 dxc4 17. dxc4 Nb6 18. Nd2 Qc7 19. Nd5 exd5 20. cxd5 Nxd5 21. Bxd5
Qd7 22. Nc4 Rcd8 23. Nb6 Qa7 24. Qxa4 Nd4 25. Rab1 Rxd5 26. Nxd5 Nf3+ 27. Kh1
Nxe1 28. Rxe1 Qa8 29. Kh2 Qxd5 30. Qxa6 Ra8 31. Qb5 Rxa3 32. Qe8+ Bf8 33. e6
fxe6 34. Qxe6+ Qxe6 35. Rxe6 Rd3 36. Rc6 Kf7 37. Kg2 Be7 38. Be3 Ke8 39. Rc8+
Rd8 40. Rc7 Rd5 41. Kf3 Kd8 42. Ra7 Rd7 43. Ra5 c4 44. Ke4 Bf6 45. Rc5 Rc7 46.
Rd5+ Ke7 47. Bc5+ Ke6 48. Rd6+ Kf7 49. Bb6 Rc8 50. Bd4 c3 51. Bxf6 gxf6 52. Rd1
Ke6 53. Rc1 h5 54. Rc2 Rc7 55. Kd3 Kf5 56. f3 Rg7 57. Rg2 Ra7 58. g4+ hxg4 59.
fxg4+ Kf4 60. Kxc3 Rh7 61. h5 Kg5 62. Kd4 f5 63. gxf5+ Kxf5 64. Rh2 1/2-1/2

[Event "España tch DH2"]
[Site "Lugo ESP"]
[Date "2007.06.28"]
[Round "2.32"]
[White "Narciso Dublan, Marc"]
[Black "Areshchenko, Alexander"]
[Result "1/2-1/2"]
[WhiteElo "2539"]
[BlackElo "2647"]
[PlyCount "39"]
[EventDate "2007.06.27"]
[EventType "team"]
[EventRounds "5"]
[EventCountry "ESP"]
[Source "lmi"]
[SourceDate "2007.06.27"]

1. c4 Nf6 2. Nf3 g6 3. Nc3 d5 4. Qa4+ Bd7 5. Qb3 dxc4 6. Qxc4 Nc6 7. d4 Bg7 8.
e4 O-O 9. e5 Be6 10. exf6 Bxc4 11. fxg7 Kxg7 12. Bxc4 Nxd4 13. Nxd4 Qxd4 14.
Be2 Rad8 15. O-O Qb4 16. a3 Qb3 17. Bd1 Qc4 18. Be2 Qb3 19. Bd1 Qc4 20. Be2
1/2-1/2

[Event "España tch DH2"]
[Site "Lugo ESP"]
[Date "2007.06.28"]
[Round "2.35"]
[White "Garcia Padron, Jose"]
[Black "Granados Gomez, Manuel"]
[Result "1/2-1/2"]
[WhiteElo "2408"]
[BlackElo "2410"]
[PlyCount "138"]
[EventDate "2007.06.27"]
[EventType "team"]
[EventRounds "5"]
[EventCountry "ESP"]
[Source "lmi"]
[SourceDate "2007.06.27"]

1. d4 d5 2. c4 e6 3. Nc3 Be7 4. Nf3 Nf6 5. Bg5 h6 6. Bh4 O-O 7. e3 b6 8. Bd3
Bb7 9. O-O c5 10. Qe2 cxd4 11. exd4 dxc4 12. Bxc4 Nc6 13. Rfd1 Nb4 14. Ne5 Nfd5
15. Bg3 Rc8 16. Ne4 Nf6 17. Nxf6+ Bxf6 18. a3 Nd5 19. Bd3 g6 20. Re1 Ne7 21.
Ng4 Bg7 22. Be5 Nc6 23. Bxg7 Kxg7 24. Rad1 h5 25. Ne5 Nxe5 26. dxe5 Qg5 27. g3
Rfd8 28. h4 Qe7 29. Be4 Rxd1 30. Rxd1 Rc5 31. Qf3 Bxe4 32. Qxe4 Qc7 33. Rd6
Rc1+ 34. Kg2 Qc4 35. Qxc4 Rxc4 36. Rd7 a5 37. Rb7 Re4 38. Rxb6 Rxe5 39. a4 Re2
40. Rb5 Rc2 41. Kf3 f5 42. Ke3 Kf6 43. f4 Rc4 44. Rxa5 Rb4 45. Kd3 Rxb2 46. Rb5
Rg2 47. Kc4 Rxg3 48. Rb4 Ra3 49. Kb5 e5 50. a5 exf4 51. Rxf4 Ke5 52. Ra4 Rxa4
53. Kxa4 f4 54. a6 f3 55. a7 f2 56. a8=Q f1=Q 57. Qe8+ Kd5 58. Qd7+ Kc5 59.
Qe7+ Kc4 60. Qe6+ Kc3 61. Qe5+ Kd2 62. Qg5+ Ke1 63. Qe3+ Qe2 64. Qg1+ Kd2 65.
Qg5+ Kd3 66. Qxg6+ Qe4+ 67. Qxe4+ Kxe4 68. Kb3 Kf3 69. Kc2 Kg3 1/2-1/2

[Event "España tch DH2"]
[Site "Lugo ESP"]
[Date "2007.06.29"]
[Round "3.15"]
[White "Granados Gomez, Manuel"]
[Black "Jobava, Baadur"]
[Result "0-1"]
[WhiteElo "2410"]
[BlackElo "2658"]
[PlyCount "64"]
[EventDate "2007.06.27"]
[EventType "team"]
[EventRounds "5"]
[EventCountry "ESP"]
[Source "lmi"]
[SourceDate "2007.06.27"]

1. d4 Nf6 2. Nf3 e6 3. Bg5 h6 4. Bh4 d6 5. Nbd2 g5 6. Bg3 Nh5 7. e4 Bg7 8. c3
Nc6 9. Bb5 O-O 10. Bxc6 bxc6 11. e5 Rb8 12. Qc2 f5 13. exf6 Qxf6 14. O-O Qf5
15. Qa4 Rxb2 16. Nc4 Rb5 17. Qxa7 Qf7 18. Bxd6 Rb7 19. Qc5 cxd6 20. Nxd6 Qd7
21. Nxb7 Rxf3 22. gxf3 Nf4 23. Rfb1 e5 24. Qc4+ Kh7 25. Kf1 Qh3+ 26. Ke1 Qxf3
27. Nd6 Be6 28. d5 Bxd5 29. Qa6 Qxc3+ 30. Kf1 Bg2+ 31. Kg1 Qf3 32. h4 Bh3 0-1

[Event "España tch DH2"]
[Site "Lugo ESP"]
[Date "2007.06.29"]
[Round "3.16"]
[White "Rodriguez Guerrero, Enrique"]
[Black "Torrecillas Martinez, Antonio"]
[Result "1-0"]
[WhiteElo "2446"]
[BlackElo "2385"]
[PlyCount "81"]
[EventDate "2007.06.27"]
[EventType "team"]
[EventRounds "5"]
[EventCountry "ESP"]
[Source "lmi"]
[SourceDate "2007.06.27"]

1. e4 d6 2. d4 Nf6 3. Nc3 g6 4. Be3 c6 5. Qd2 Nbd7 6. Nf3 e5 7. Bd3 Qe7 8. h3
Bg7 9. O-O O-O 10. Bg5 Re8 11. Rfe1 b6 12. d5 c5 13. Nb5 Rd8 14. c4 Qf8 15. g4
h6 16. Be3 h5 17. g5 Nh7 18. Nh4 Qe7 19. f3 Ndf8 20. Qg2 a6 21. Nc3 Bh6 22. Nf5
Bxf5 23. gxh6 Bd7 24. Qg3 h4 25. Qg2 g5 26. f4 exf4 27. Bxf4 Ng6 28. Bh2 Ne5
29. Be2 Kh8 30. Rf1 f6 31. Nd1 Rg8 32. Ne3 Nf8 33. Bg4 Nxg4 34. hxg4 Re8 35.
Qf3 Nh7 36. Nf5 Qxe4 37. Nxd6 Qd4+ 38. Kh1 Ref8 39. Rg1 Be8 40. Rg2 Bg6 41. Rd1
1-0

[Event "España tch DH2"]
[Site "Lugo ESP"]
[Date "2007.06.29"]
[Round "3.21"]
[White "Harikrishna, Penteala"]
[Black "Miton, Kamil"]
[Result "1/2-1/2"]
[WhiteElo "2650"]
[BlackElo "2653"]
[PlyCount "86"]
[EventDate "2007.06.27"]
[EventType "team"]
[EventRounds "5"]
[EventCountry "ESP"]
[Source "lmi"]
[SourceDate "2007.06.27"]

1. d4 d5 2. c4 c6 3. Nf3 Nf6 4. Nc3 dxc4 5. a4 Bf5 6. Ne5 e6 7. g3 Nbd7 8. Nxc4
Nb6 9. Ne3 Bg6 10. a5 Nbd5 11. a6 Bb4 12. Nexd5 Qxd5 13. axb7 Rb8 14. Qa4 Rxb7
15. Qxb4 Rxb4 16. Nxd5 cxd5 17. Rxa7 O-O 18. Bg2 Rxd4 19. Rb7 Rc4 20. O-O Rc2
21. Re1 d4 22. Bf4 h6 23. Rb4 Rd8 24. Be5 Rd2 25. Bf4 Rc2 26. Be5 Rd2 27. Bc7
Rd7 28. Bf4 Rc2 29. Be5 d3 30. exd3 Rxd3 31. Rd4 Rxd4 32. Bxd4 Nd5 33. Bf3 Rc4
34. Rd1 Bc2 35. Rd2 Bb3 36. Kg2 f6 37. Rd3 Bc2 38. Rd2 Bb3 39. h4 Kf7 40. Rd3
Bc2 41. Rd2 Bb3 42. Rd3 Bc2 43. Rd2 Bb3 1/2-1/2

[Event "España tch DH2"]
[Site "Lugo ESP"]
[Date "2007.06.29"]
[Round "3.24"]
[White "Kurajika, Bojan"]
[Black "Deepan Chakkravarthy, J."]
[Result "0-1"]
[WhiteElo "2541"]
[BlackElo "2482"]
[PlyCount "80"]
[EventDate "2007.06.27"]
[EventType "team"]
[EventRounds "5"]
[EventCountry "ESP"]
[Source "lmi"]
[SourceDate "2007.06.27"]

1. d4 Nf6 2. Nf3 e6 3. g3 b5 4. Qd3 b4 5. a3 bxa3 6. Nxa3 Bb7 7. Bg5 c5 8. Bg2
Be7 9. Bxf6 Bxf6 10. O-O O-O 11. Ng5 Bxg5 12. Bxb7 Nc6 13. Bxa8 Qxa8 14. dxc5
Ne5 15. Qc3 Bf6 16. Qd2 Qc6 17. b4 h5 18. c3 h4 19. Nc2 Qe4 20. Nd4 Qg4 21. Qf4
Qh3 22. Qe4 hxg3 23. hxg3 g6 24. Qg2 Qh6 25. e3 g5 26. f3 Kg7 27. Rxa7 Rh8 28.
f4 Nc4 29. Rxd7 Bxd4 30. exd4 g4 31. f5 Nd2 32. Rf4 Nf3+ 33. Kf2 exf5 34. Rd5
Ra8 35. Re5 Ra2+ 36. Re2 Rxe2+ 37. Kxe2 Qa6+ 38. Kf2 Qa2+ 39. Kf1 Qb1+ 40. Ke2
Qc2+ 0-1

[Event "España tch DH2"]
[Site "Lugo ESP"]
[Date "2007.06.29"]
[Round "3.25"]
[White "Cacho Reigadas, Sergio"]
[Black "Garcia Padron, Jose"]
[Result "1-0"]
[WhiteElo "2470"]
[BlackElo "2408"]
[PlyCount "81"]
[EventDate "2007.06.27"]
[EventType "team"]
[EventRounds "5"]
[EventCountry "ESP"]
[Source "lmi"]
[SourceDate "2007.06.27"]

1. Nf3 Nf6 2. g3 b5 3. Bg2 Bb7 4. O-O e6 5. d3 a6 6. e4 d6 7. Nh4 c5 8. f4 Nc6
9. c3 Be7 10. Be3 Qc7 11. Nd2 O-O 12. g4 Nd7 13. g5 Rfe8 14. f5 exf5 15. exf5
Bf8 16. Bf4 Nce5 17. Ne4 c4 18. g6 fxg6 19. fxg6 h6 20. Bxe5 Nxe5 21. d4 Nxg6
22. Nxg6 Rxe4 23. Bxe4 Bxe4 24. Qg4 Bxg6 25. Qxg6 Qd7 26. Rae1 Rb8 27. Qe4 Kh8
28. d5 Qd8 29. Rf7 Qg5+ 30. Kh1 Qh5 31. Ref1 Kg8 32. Qe6 Kh7 33. Rxf8 Rxf8 34.
Rxf8 Qd1+ 35. Kg2 Qd2+ 36. Rf2 Qg5+ 37. Kf1 Qc1+ 38. Qe1 Qg5 39. Qe4+ Kg8 40.
Qe6+ Kh8 41. Qc8+ 1-0

[Event "España tch DH2"]
[Site "Lugo ESP"]
[Date "2007.06.29"]
[Round "3.35"]
[White "Khamrakulov, Ibragim S"]
[Black "Reinaldo Castiñeira, Roi"]
[Result "1-0"]
[WhiteElo "2545"]
[BlackElo "2452"]
[PlyCount "117"]
[EventDate "2007.06.27"]
[EventType "team"]
[EventRounds "5"]
[EventCountry "ESP"]
[Source "lmi"]
[SourceDate "2007.06.27"]

1. d4 Nf6 2. Nf3 c5 3. d5 b5 4. Bg5 Qb6 5. Nc3 b4 6. Na4 Qa5 7. b3 d6 8. Nd2
Nbd7 9. e4 g6 10. Bd3 Bg7 11. O-O Qc7 12. a3 a5 13. c3 bxc3 14. Nxc3 O-O 15.
Nb5 Qb8 16. a4 e6 17. dxe6 fxe6 18. Nc4 d5 19. exd5 exd5 20. Ncd6 Ne5 21. Re1
Nfg4 22. Be2 d4 23. f3 Bf6 24. Qc1 d3 25. fxg4 dxe2 26. Bxf6 Rxf6 27. Rxe2 Rxd6
28. Rxe5 Rd1+ 29. Qxd1 Qxe5 30. Qd8+ Kg7 31. Rf1 Kh6 32. Qh4+ Kg7 33. Re1 g5
34. Rxe5 gxh4 35. Rxc5 Rb8 36. Re5 Rb6 37. h3 Kf6 38. Rh5 Kg6 39. Kf2 Be6 40.
Nd4 Bxb3 41. Rxa5 Rb4 42. Ra6+ Kf7 43. Ra7+ Kg8 44. Nxb3 Rxb3 45. a5 Ra3 46. a6
Kh8 47. Ke1 Ra1+ 48. Kd2 Ra2+ 49. Kc3 Ra3+ 50. Kb4 Ra2 51. Kc5 Rc2+ 52. Kd6
Rd2+ 53. Ke6 Ra2 54. Kf6 h5 55. g5 Rf2+ 56. Kg6 Rf8 57. Rh7+ Kg8 58. a7 Rc8 59.
Rb7 1-0

[Event "España tch DH2"]
[Site "Lugo ESP"]
[Date "2007.06.29"]
[Round "3.36"]
[White "Caselas Cabañas, Jacobo"]
[Black "Llanes Hurtado, Miguel"]
[Result "0-1"]
[WhiteElo "2423"]
[BlackElo "2441"]
[PlyCount "128"]
[EventDate "2007.06.27"]
[EventType "team"]
[EventRounds "5"]
[EventCountry "ESP"]
[Source "lmi"]
[SourceDate "2007.06.27"]

1. d4 c5 2. d5 g6 3. e4 Bg7 4. Nf3 d6 5. Bb5+ Bd7 6. a4 Nf6 7. Nc3 O-O 8. h3
Na6 9. O-O Nc7 10. Bc4 a6 11. Qe2 b5 12. axb5 axb5 13. Rxa8 Qxa8 14. Nxb5 Nxb5
15. Bxb5 Bxb5 16. Qxb5 Nxe4 17. Qd3 Nf6 18. c4 Rb8 19. Re1 Kf8 20. Qc2 Qb7 21.
Qe2 h6 22. Qd3 Qb3 23. Qxb3 Rxb3 24. Re2 Nd7 25. Rc2 h5 26. Kf1 Nb8 27. Nd2 Rb7
28. b3 Bh6 29. Rb2 e6 30. dxe6 fxe6 31. Ke1 Nc6 32. Kd1 Nd4 33. Ra2 Bxd2 34.
Bxd2 Rxb3 35. Be3 Rd3+ 36. Ke1 Rc3 37. Bg5 Rxc4 38. Ra8+ Kf7 39. Ra7+ Ke8 40.
Ra8+ Kd7 41. Rg8 Ra4 42. Rg7+ Kc6 43. Rxg6 Ra1+ 44. Kd2 Ra2+ 45. Ke1 c4 46. Bf6
e5 47. Rg8 Kd5 48. Rc8 Re2+ 49. Kf1 Rc2 50. g4 hxg4 51. hxg4 Ke4 52. Kg2 Ne6
53. Rc6 Nf4+ 54. Kg3 Rc3+ 55. Kh4 Kd5 56. Ra6 Rf3 57. Kg5 Ne6+ 58. Kg6 Nc5 59.
Ra2 Nd3 60. Bh4 c3 61. g5 Nb4 62. Ra1 c2 63. Kh6 Rh3 64. Kh5 Rc3 0-1

[Event "España tch DH2"]
[Site "Lugo ESP"]
[Date "2007.06.30"]
[Round "4.15"]
[White "Jobava, Baadur"]
[Black "Lariño Nieto, David"]
[Result "0-1"]
[PlyCount "84"]
[EventDate "2007.06.27"]
[EventType "team"]
[EventRounds "5"]
[EventCountry "ESP"]
[Source "lmi"]
[SourceDate "2007.06.27"]
[WhiteElo "2658"]
[BlackElo "2404"]

1. e4 e6 2. d4 d5 3. Nd2 Nf6 4. e5 Nfd7 5. c3 c5 6. Bd3 Nc6 7. Ne2 cxd4 8. cxd4
f6 9. exf6 Nxf6 10. Nf3 Qc7 11. O-O Bd6 12. Bg5 O-O 13. Rc1 Ng4 14. Ng3 Qb6 15.
Nh4 Nf6 16. Nh5 Ne4 17. Bxe4 dxe4 18. Bh6 gxh6 19. Qg4+ Kf7 20. Qxe4 Ne7 21.
Qxh7+ Ke8 22. Qxh6 Qxd4 23. Rcd1 Qh8 24. Ng7+ Kf7 25. Qg5 Bxh2+ 26. Kxh2 Qxg7
27. Qh5+ Ng6 28. Kg1 Rh8 29. Qf3+ Ke8 30. Nf5 exf5 31. Rfe1+ Ne7 32. Qd5 Bd7
33. Qxd7+ Kf8 34. Rd6 Rh7 35. Qxb7 Re8 36. Ree6 Qg5 37. Rf6+ Rf7 38. Rxf7+ Kxf7
39. Qb3+ Kf8 40. g3 Rc8 41. Kg2 f4 42. Qd3 Nf5 0-1

[Event "España tch DH2"]
[Site "Lugo ESP"]
[Date "2007.06.30"]
[Round "4.24"]
[White "Kobalia, Mikhail"]
[Black "Kurajika, Bojan"]
[Result "1/2-1/2"]
[PlyCount "63"]
[EventDate "2007.06.27"]
[EventType "team"]
[EventRounds "5"]
[EventCountry "ESP"]
[Source "lmi"]
[SourceDate "2007.06.27"]
[WhiteElo "2639"]
[BlackElo "2541"]

1. c4 e6 2. Nc3 Bb4 3. Qb3 Nc6 4. Nf3 Nf6 5. a3 Bxc3 6. Qxc3 O-O 7. b4 d6 8. d4
Re8 9. b5 Ne7 10. e3 c6 11. bxc6 Nxc6 12. Be2 b6 13. Qc2 Ba6 14. Qa4 Bb7 15.
O-O Qd7 16. Qb5 Rac8 17. Bd2 Ne4 18. Rfd1 Rc7 19. Be1 Nb8 20. a4 Ba6 21. Qb1
Nf6 22. a5 Bxc4 23. axb6 axb6 24. Bxc4 Rxc4 25. Qxb6 Nd5 26. Qb3 Rcc8 27. Rdc1
Rxc1 28. Rxc1 h6 29. h3 Nc6 30. Qa4 Nde7 31. Bb4 Rd8 32. Bd2 1/2-1/2

[Event "España tch DH2"]
[Site "Lugo ESP"]
[Date "2007.06.30"]
[Round "4.33"]
[White "Aagaard, Jacob"]
[Black "Ubilava, Elizbar"]
[Result "1-0"]
[PlyCount "85"]
[EventDate "2007.06.27"]
[EventType "team"]
[EventRounds "5"]
[EventCountry "ESP"]
[Source "lmi"]
[SourceDate "2007.06.27"]
[WhiteElo "2477"]
[BlackElo "2540"]

1. e4 c5 2. Nf3 d6 3. c3 Nf6 4. h3 Bd7 5. Bd3 Bc6 6. Qe2 Nbd7 7. Bc2 Rc8 8. O-O
e6 9. d4 cxd4 10. cxd4 d5 11. e5 Ne4 12. Nc3 Nxc3 13. bxc3 Qa5 14. Bd3 Qxc3 15.
Rb1 Be7 16. Rb3 Qa5 17. Ng5 Qd8 18. f4 g6 19. Qg4 h5 20. Qxe6 fxe6 21. Bxg6+
Kf8 22. Nxe6+ Kg8 23. Rg3 Rh6 24. Nxd8 Bxd8 25. Bxh5+ Kh8 26. Be2 Bb6 27. Be3
Ba4 28. f5 Rh4 29. f6 Nf8 30. f7 Bc2 31. Rg8+ Kh7 32. Rc1 Rc3 33. Rxf8 Kg7 34.
Rb8 Kxf7 35. Rf1+ Kg7 36. Rxb7+ Kg8 37. e6 Rxe3 38. e7 Rxe7 39. Rxe7 Rxd4 40.
Kh1 Rd2 41. Bg4 Bf2 42. Be6+ Kh8 43. Bxd5 1-0

[Event "España tch DH2"]
[Site "Lugo ESP"]
[Date "2007.06.30"]
[Round "4.34"]
[White "Deepan Chakkravarthy, J."]
[Black "Jerez Perez, Alfonso"]
[Result "1-0"]
[PlyCount "115"]
[EventDate "2007.06.27"]
[EventType "team"]
[EventRounds "5"]
[EventCountry "ESP"]
[Source "lmi"]
[SourceDate "2007.06.27"]
[WhiteElo "2482"]
[BlackElo "2413"]

1. d4 Nf6 2. Nf3 g6 3. Bg5 Bg7 4. Nbd2 O-O 5. c3 d6 6. e4 Nbd7 7. Bd3 e5 8. O-O
c6 9. Re1 Qc7 10. Qc2 a6 11. a4 b6 12. dxe5 dxe5 13. a5 b5 14. c4 Nc5 15. cxb5
Nxd3 16. Qxd3 cxb5 17. Rec1 Qe7 18. Nb3 Bg4 19. h3 Rfd8 20. Qe3 Bxf3 21. Qxf3
Rac8 22. Qe3 Qb4 23. Nc5 Rc6 24. Nd3 Rxc1+ 25. Rxc1 Qd6 26. Nc5 Rc8 27. Kh2 Rc7
28. Rc3 h6 29. Bxf6 Qxf6 30. Rd3 h5 31. Nd7 Qe6 32. Qb6 Rc6 33. Qd8+ Kh7 34. b4
Qc4 35. Rf3 Rc8 36. Qe7 Qe6 37. Rxf7 Qxe7 38. Rxe7 Rc4 39. Nc5 Kh6 40. Nxa6
Rxe4 41. Nc5 Rxb4 42. a6 Rb2 43. a7 Ra2 44. Ne6 Bf6 45. Rf7 Bg5 46. Rf8 Rxa7
47. Rh8+ Rh7 48. Rxh7+ Kxh7 49. Nxg5+ Kg7 50. Ne4 b4 51. Kg3 b3 52. Kf3 b2 53.
Nd2 Kf6 54. Ke4 g5 55. Kd3 Kf5 56. Kc2 e4 57. Kxb2 Kf4 58. Nf1 1-0